000 00394nam a2200145 i 4500
001 bg
100 1 _aKASABOV, G. A.
245 0 _aSpektroskopiceskie tablicy dlja nizkotemperaturnoj plazmy :
_bsprawocnik /
_cG.A. Kasabov, V.V. Eliseev.
260 _aMoskva,
_c1973.
700 1 _aELISEEV, V. V.
040 _cBPK
041 _apol
942 _cKS
008 s pl f |000 0 pol
999 _c26673
_d26673
856 _uhttp://koha.tu.koszalin.pl/cgi-bin/koha/opac-detail.pl?biblionumber=26673
_yKatalog online BPK